Did Trump or Stalin say it? - Statistics

General Stats
  • This quiz has been taken 1,443 times
    1,437 since last reset
  • The average score is 7 of 12
Answer Stats
Question Answer % Correct
"Our military will soon be the strongest it has ever been." Trump
83%
"A single death is a tragedy; a million deaths is a statistic." Stalin
78%
"It is not heroes that make history, but history that makes heroes." Stalin
71%
"If the opposition disarms, well and good. If it refuses to disarm, we shall disarm it ourselves." Stalin
66%
"My proudest legacy will be that of a peacemaker and unifier," Trump
64%
"I believe in only one thing, the power of human will.” Stalin
63%
"That’s why a little hyperbole never hurts. People want to believe that something is the biggest and the greatest and the most spectacular. I call it truthful hyperbole. It’s an innocent form of exaggeration — and a very effective form of promotion." Trump
62%
"Ah, these diplomats! What chatterboxes! There's only one way to shut them up - cut them down with machine guns." Stalin
58%
"I will not allow the mistakes of recent decades past to define the course of our future." Trump
53%
"Those who cast the vote decide nothing. Those who count the vote decide everything." Stalin
44%
"The most basic duty of government is to defend the lives of its own citizens. Any government that fails to do so is a government unworthy to lead." Trump
41%
"Sometimes by losing a battle you find a new way to win the war." Trump
28%
No matching quizzes found
Score Distribution
Percent of People with Each Score
Percentile by Number Answered
Your Score History
You have not taken this quiz since the last reset